00348nam a2200121 a 450000500170000000800410001702000180005805000230007610000260009924500560012526000320018130000130021320140412111427.0090718s19uu xx 00 eng d a0-439-16578-4 aTR(PS EbBi48 2000 aLarranaga, Ana Martin aThe Big Wide- Mouthed Frog /cAna Martin Larranaga. aU.S.A :bScholastic,c2000. a1v. unp.